La Integración en el Gran Caribe: entre la dinámica intergubernamental y el impulso intersocietal /

Gespeichert in:
Bibliographische Detailangaben
1. Verfasser: Serbín, Andrés
Format: Text
Tags: Tag hinzufügen
Keine Tags, Fügen Sie den ersten Tag hinzu!

MARC

LEADER 00000 a a2200000 04500
001 1191
003
040
100 |a Serbín, Andrés  
245 |a La Integración en el Gran Caribe:   |b entre la dinámica intergubernamental y el impulso intersocietal /  |c Andrés Serbín 
773 |g volumen 1; páginas 106-112  
999 |c 33312  |d 33312